书目信息 |
| 题名: |
缩微文献著录及机读数据制作手册
|
|
| 作者: | 苑克俪 主编 | |
| 分册: | ||
| 出版信息: | 北京 北京图书馆出版社 2006.07 |
|
| 页数: | 413页 | |
| 开本: | 26cm | |
| 丛书名: | ||
| 单 册: | ||
| 中图分类: | G254.364-62 | |
| 科图分类: | ||
| 主题词: | 缩微文献--suo wei wen xian--机器可读目录--文献著录--手册 | |
| 电子资源: | ||
| ISBN: | 7-5013-3124-3 | |
| 000 | 00955nam0 2200241 450 | |
| 001 | 012010385250 | |
| 005 | 20100106163045.60 | |
| 010 | @a7-5013-3124-3@dCNY60.00 | |
| 100 | @a20100106d2006 em y0chiy0120 ea | |
| 101 | 0 | @achi |
| 102 | @aCN@b110000 | |
| 105 | @aak a 000yy | |
| 106 | @ar | |
| 200 | 1 | @a缩微文献著录及机读数据制作手册@Asuo wei wen xian zhu lu ji ji du shu ju zhi zuo shou ce@f苑克俪主编@Fyuan ke li zhu bian |
| 210 | @a北京@c北京图书馆出版社@d2006.07 | |
| 215 | @a413页@c图@d26cm | |
| 320 | @a有书目 (第412-413页) | |
| 330 | @a本书对于缩微文献的著录及机读数据制作进行了详细介绍,是对缩微文献制作机读书目数据的权威性指南。全书主要包括两部分内容:(一)缩微文献著录规则;(二)缩微文献机读格式使用细则,并附有大量实例。 | |
| 606 | 0 | @a缩微文献@Asuo wei wen xian@x机器可读目录@x文献著录@j手册 |
| 690 | @aG254.364-62@v4 | |
| 701 | 0 | @a苑克俪@Ayuan ke li@4主编 |
| 801 | 0 | @aCN@bQSSK@c20100106 |
| 905 | @b771746@dG254.364-62@eY940@f1 | |
| 缩微文献著录及机读数据制作手册/苑克俪主编.-北京:北京图书馆出版社,2006.07 |
| 413页:图;26cm |
| ISBN 7-5013-3124-3:CNY60.00 |
| 本书对于缩微文献的著录及机读数据制作进行了详细介绍,是对缩微文献制作机读书目数据的权威性指南。全书主要包括两部分内容:(一)缩微文献著录规则;(二)缩微文献机读格式使用细则,并附有大量实例。 |
| ● |
| 相关链接 |
|
|
|
正题名:缩微文献著录及机读数据制作手册
索取号:G254.364-62/Y940
 
预约/预借
| 序号 | 登录号 | 条形码 | 馆藏地/架位号 | 状态 | 备注 |
| 1 | 771746 | 207717461 | 社科库409/409社科库 59排6列2层/ [索取号:G254.364-62/Y940] | 在馆 |